| 000 | 01040nas a2200325 4500 | ||
|---|---|---|---|
| 001 | BR2011003999 | ||
| 003 | BR-BrBNA | ||
| 005 | 20231205115441.0 | ||
| 007 | ta | ||
| 008 | 230509b bl.|||p| |||| 00| 00por d | ||
| 040 |
_aBR-BrBNA _bpor _cBiblioteca Nacional de Agricultura |
||
| 041 | _a(Pt) | ||
| 072 | _aF04 | ||
| 100 | 1 | _aSilva, R.A. da | |
| 100 | 1 | _aCavalcante, L.F. | |
| 100 | 1 | _aPaes, R. de A. | |
| 100 | 1 | _aHolanda, J.S. de | |
| 100 | 1 | _aCamasseto, F. | |
| 245 | 1 | _aAvaliação do estado nutricional do coqueiro anão verde fertirrigado com nitrogênio e potássio | |
| 246 | 1 | _aAssessment nutritional status of dwarf green coconut fertigated with nitrogen and potassium | |
| 650 | _aFERTIRRIGAÇÃO | ||
| 650 | _aCOCOS NUCIFERA | ||
| 650 | _aCOCO | ||
| 650 | _aNUTRICAO VEGETAL | ||
| 650 | _aNITROGENIO | ||
| 650 | _aPOTÁSSIO | ||
| 773 | 0 |
_tRevista Caatinga (Brazil) _xISSN 0100-316X _g(Jan-Mar 2009), v. 22(1) p. 134-145 _wBR2011003999 |
|
| 909 |
_a202311 _bLúcia _c55 _dLúcia Elande |
||
| 942 |
_2AGRIS _n0 _cANA |
||
| 999 |
_c213876 _d213876 |
||